| 000 -ლიდერი |
| ფიქსირებული სიგრძის საკონტროლო ველი |
01186nam a2200241Ia 4500 |
| 001 - საკონტროლო ნომერი |
| საკონტროლო ველი |
367 |
| 003 - საკონტროლო ნომრის იდენტიფიკატორი |
| საკონტროლო ველი |
GE_BSU |
| 005 - ბოლო ოპერაციის თარიღი და დრო |
| საკონტროლო ველი |
20190507110140.0 |
| 008 - ფიქსირებული სიგრძის მონაცემთა ელემენტები - ზოგადი ინფორმაცია |
| ფიქსირებული სიგრძის საკონტროლო ველი |
181216s2004||||ge |||||||||||||| ||geo|| |
| 020 ## - წიგნის საერთაშორისო სტანდარტული ნომერი |
| International Standard Book Number |
9789994009923 |
| 040 ## - კატალოგიზაციის წყარო |
| Transcribing agency |
GE_BSU |
| 041 ## - ენის კოდი |
| Language code of text/sound track or separate title |
geo |
| 080 ## - უნივერსალური ათობითი კლასიფიკაციის ინდექსი |
| Universal Decimal Classification number |
796.5(075.8) ბ–70 |
| 100 ## - მთავარი ჩანაწერი - პიროვნების სახელი |
| Personal name |
ბირჟაკოვი, მ. |
| 9 (RLIN) |
837 |
| 245 ## - ცნობა სათაურის შესახებ |
| Title |
ტურიზმის თეორია :სახელმძღვ. საშ. და უმაღლ. სასწ. სტუდ. / |
| Statement of responsibility, etc |
მ.ბირჟაკოვი ; თარგმნა : მარინა მეტრეველმა |
| 250 ## - გამოცემის ცნობა |
| Edition statement |
მე-2 გამოცემა |
| 264 ## - წარმოების, გამოცემის, დისტრიბუციის და სხვა ცნობები |
| გამოცემის, წარმოების, დისტრიბუციის... ადგილი |
თბილისი .: |
| გამოცემის, წარმოების, დისტრიბუციის... სახელწოდება |
ფორმა; |
| გამოცემის, წარმოების, დისტრიბუციის... თარიღი |
2004 |
| 300 ## - ფიზიკური აღწერა |
| Extent |
270 გვ ; |
| Dimensions |
21 სმ. |
| 653 ## - INDEX TERM--UNCONTROLLED |
| Uncontrolled term |
ტურიზმის თეორია – სახელმძღვანელოები უმაღლესი სასწავლებლებისათვის |
| 700 ## - ADDED ENTRY--PERSONAL NAME |
| Personal name |
მეტრეველი, მარინა |
| Relator term |
მთარგმნელი |
| 9 (RLIN) |
828 |
| 710 ## - ADDED ENTRY--CORPORATE NAME |
| Relator term |
თბილ. კულტ. და ხელოვნ. სახ. უნ-ტი. |
| 9 (RLIN) |
838 |
| 942 ## - ADDED ENTRY ELEMENTS (KOHA) |
| Koha item type |
წიგნი |
| Source of classification or shelving scheme |
|